Statistics for Famous Bridges

Click here to take the quiz!

General Stats

  • This quiz has been taken 681 times
    (467 since last reset)
  • The average score is 8 of 20

Answer Stats

ClueBridge% Correct
Spanning the San Francisco BayGolden Gate Bridge
97%
Most famous bridge in LondonTower Bridge
87%
"Two Bridges" of Lower ManhattanBrooklyn Bridge
79%
It's falling down!London Bridge
79%
Near the Opera House, SydneyHarbour Bridge
51%
Connects Manhattan to New JerseyGeorge Washington Bridge
39%
Named after a Germanic King, in PragueCharles Bridge
38%
Spanning the Istanbul Strait it is named afterBosphorus Bridge
34%
"Two Bridges" of Lower ManhattanManhattan Bridge
34%
Enclosed bridge walked across by prisonersBridge of Sighs
31%
Crosses the Grand Canal in VeniceRialto
31%
1957 David Lean movieBridge on the River Kwai
28%
Medieval "Old Bridge" in FlorencePonte Vecchio
28%
Connects Brooklyn to Staten IslandVerrazano Narrows Bridge
22%
World's tallest bridgeMillau Viaduct
21%
Connects the Upper and Lower Michigan PeninsulasMackinac Bridge
19%
Collapsed in 1940Tacoma Narrows Bridge
19%
Roman aqueduct in southern FrancePont du Gard
12%
Where William Wallace fought for independenceStirling Bridge
12%
Biggest in the Bay AreaSan Mateo-Hayward Bridge
5%

Score Distribution

Percentile by Number Answered

Percent of People with Each Score

Your Score History

You have not taken this quiz since the last reset